00521nmm a2200169Ia 4500008004100000020001800041041000800059100002900067245005400096264006900150300001800219490001600237650002300253856005100276942000700327999001700334251105s9999||||xx |||||||||||||||||und|| a9788417873417 aspa aEgido Martínez, Aurora 0aEl diálogo de las lenguas y Miguel de Cervantes a[Madrid, España] :bPrensas Universitarias de Zaragoza, c2019 a149 páginas aHumanidades aSpanish literature uhttps://public.digitaliapublishing.com/a/59291 cCF c79189d79189